טוען...

Arrack in the afternoon

מידע ביבליוגרפי
מחבר ראשי: Mathew, A
יצא לאור: Harper Collins 2009
LEADER 00195 a2200097 4500
020
260 |b Harper Collins  |c 2009 
942 |c BK  |6 _ 
245 |a Arrack in the afternoon 
100 |a Mathew, A 
999 |c 56508  |d 56508